000 00855nam a2200181Ia 4500
008 100920s9999 xx 000 0 und d
082 _b75023
_a491.462 थ 99
100 _aसाळवी दिलीप.
245 _aडायनासॉर / आपल्याकडे एकच पृथ्वी आहे !/इतर एकांकिका.
260 _bअनुबंध प्रकाशन, पुणे 43.
_c1999
300 _a48
_bसाधी
365 _b25
520 _aनाटक.
630 _aडायनासॉर / आपल्याकडे एकच पृथ्वी आहे !/इतर एकांकिका.
650 _aनाटक.
730 _aडायनासॉर / आपल्याकडे एकच पृथ्वी आहे !/इतर एकांकिका.
942 _cBOOK
999 _c716566
_d716563